Equity and trusts In a nutshell /

Furkejuvvon:
Bibliográfalaš dieđut
Váldodahkki: Haley, Michael
Materiálatiipa: Girji
Giella:eaŋgalasgiella
Almmustuhtton: London : Sweet and Maxwell, c2007.
Preanttus:7th ed.
Ráidu:Nutshells
Fáttát:
Fáddágilkorat: Lasit fáddágilkoriid
Eai fáddágilkorat, Lasit vuosttaš fáddágilkora!

MARC

LEADER 00000cam a22000002 4500
001 0000044656
003 Daystar
005 20171002021901.0
008 100616s xx 000 0 eng d
020 |a 9780421957701 : 
040 |a Daystar  |d Nmicheni 
050 0 0 |a KD1480  |b .H35 
100 1 |a Haley, Michael. 
245 1 0 |a Equity and trusts In a nutshell /  |c by Michael Haley. 
250 |a 7th ed. 
260 |a London :  |b Sweet and Maxwell,  |c c2007. 
300 |a 186p. 
440 0 |a Nutshells 
504 |a Includes bibliographical references and index. 
541 |a Regent  |c Purchase  |d Nov, 2009 
650 0 |a Equity  |x Great Britain. 
650 0 |a Trusts and Trustees. 
908 |a 100616 
942 |c G 
952 |0 0  |1 0  |4 0  |6 KD_1480_000000000000000_H35_2007  |7 0  |9 49168  |a DUA  |b DUA  |c GC  |d 2017-09-28  |l 6  |m 1  |o KD1480.H35 2007  |p BK092374  |q 2026-05-02  |r 2026-04-16 21:12:11  |s 2026-04-16  |w 2017-09-28  |x 79084  |y G 
952 |0 0  |1 0  |4 0  |6 KD_1480_000000000000000_H35_2007  |7 0  |9 49169  |a DUA  |b DUA  |c GC  |d 2017-09-28  |l 5  |m 3  |o KD1480.H35 2007  |p BK092207  |q 2026-05-02  |r 2026-03-14 10:54:35  |s 2026-03-14  |w 2017-09-28  |x 79083  |y G 
952 |0 0  |1 0  |2 lcc  |4 0  |6 KD1480 H35 02007  |7 0  |9 49170  |a DUN  |b DUA  |c GC  |d 2017-09-28  |l 8  |m 2  |o KD1480.H35 2007  |p BK092347  |q 2026-04-29  |r 2026-04-13 13:55:09  |s 2026-04-13  |w 2017-09-28  |x 79085  |y G 
952 |0 0  |1 0  |2 lcc  |4 0  |6 KD1480 H35 02007  |7 0  |8 GC  |9 49171  |a DULS  |b DUA  |c GC  |d 2017-09-28  |l 2  |m 1  |o KD1480.H35 2007  |p BK092336  |q 2026-04-10  |r 2026-03-25 11:50:52  |s 2026-03-25  |w 2017-09-28  |x 79086  |y G 
952 |0 0  |1 0  |2 lcc  |4 0  |6 KD1480 H35 02007  |7 0  |9 49172  |a DUA  |b DUA  |c GC  |d 2017-09-28  |l 3  |m 1  |o KD1480.H35 2007  |p BK092288  |r 2026-04-14 13:02:43  |s 2026-03-31  |w 2017-09-28  |x 79087  |y G 
952 |0 4  |1 0  |4 0  |6 KD1480 H35 02007  |7 0  |9 49173  |a DUN  |b DUN  |c STORE  |d 2017-09-28  |l 0  |o KD1480.H35 2007  |p BK092459  |r 2017-09-28 00:00:00  |w 2017-09-28  |x 79082  |y G 
999 |c 29335  |d 29335